| 000 | 02358nam a22001817a 4500 | ||
|---|---|---|---|
| 003 | IT-RoPau | ||
| 005 | 20220918175937.0 | ||
| 008 | 130110b xxu||||| |||| 00| 0 eng d | ||
| 040 | _cIT-RoPau | ||
| 100 |
_aAlberione [James] Giacomo _qFondatore Famiglia Paolina _9139 |
||
| 245 |
_aA Month With St. Paul. _bBY REV JAMES ALBERIONE S.S.P. ,S.T.D. AND REV TIMOTHY GIACCARDO S.S.P. TRANSLATED BY THE DAUGHTERS OF ST. PAUL |
||
| 250 | _aI | ||
| 260 |
_aBoston _bFSP _c1985 |
||
| 300 |
_a218 p. _c18,5 cm |
||
| 490 |
_aSt. Paul Edition _vI |
||
| 520 | _a CONTENTS Introduction FIRST DAY A Month With St. Paul SECOND DAY St. Paul's Faith THIRD DAY St. Paul's Hope FOURTH DAY St. Paul Charity Toward God FIFTH DAY St. Paul Love of Neighbor SIXTH DAY St. Paul's Obedience SEVENTH DAY St. Paul' s Poverty EIGHT DAY St. Paul's Humility NINTH DAY St. Paul 's Chastity TENTH DAY St. Paul's Zeal ELEVENTH DAY St. Paul's Conversion TWELFTH DAY St. Paul's Teaching-His Mission THIRTEENTH DAY St. Paul's Teaching-Jesus Christ, the Center of History FOURTEENTH DAY St. Paul's Teaching-The Value of Grace FIFTEENTH DAY St. Paul's Teaching-The Holy Church SIXTEENTH DAY St. Paul's Teaching-The Pauline Letters SEVENTEENTH DAY St. Paul's Teaching-The Dogmatic Doctrine To Be Believed EIGHTEENTH DAY St. Paul's Teaching-The Moral Doctrine NINETEENTH DAY St. Paul's Teaching-The Blassed Mother TWENTIENTH DAY St. Paul's Teaching-His Pastoral Doctrine TWENTY-FIRST DAY St. Paul's Teaching-Five MIssion TWENTY-SECOND DAY Devotion to St. Paul-The Holy Mass TWENTY-THIRD DAY Devotion to St. Paul's-Holy Communication TWENTY-FOURTH DAY Devotion to St. Paul's-The Chaplet TWENTY-FIFTH DAY Devotion to St. Paul's- Grace To Be Asked: Sanctity TWENTY-SEVENTH DAY Devotion to St. Paul's- Grace To Be Asked: Patience TWENTY-EIGHTH DAY Devotion to St. Paul's- St. Paul's Loves Us TWENTY-NINTH DAY Devotion to St. Paul's-His Power THIRTIENTH DAY Devotion to St. Paul's-Promote His Devotion THIRTY-FIRST DAY Devotion to St. Paul's-Martyrdom and Glory PRAYERS TO ST. PAUL | ||
| 942 |
_2ddc _cBK |
||
| 999 |
_c37729 _d37729 |
||